[Event "Vignola op 11th"]
[Site "Vignola"]
[Date "2012.11.17"]
[Round "3"]
[White "Vincenzi, Marco"]
[Black "Cocuzzi, Edoardo"]
[Result "1-0"]
[WhiteElo "2088"]
[BlackElo "1958"]
[PlyCount "89"]
[EventDate "2012.11.16"]
[EventType "swiss"]
[EventRounds "5"]
[EventCountry "ITA"]
[SourceTitle "EXT 2014"]
[Source "ChessBase"]
[SourceDate "2013.11.20"]
[SourceVersion "1"]
[SourceVersionDate "2013.11.20"]
[SourceQuality "1"]

1. e4 e5 2. Nf3 Nc6 3. Bc4 Bc5 4. b4 Bxb4 5. c3 Be7 6. d4 exd4 7. 0-0 Nf6 8. e5 Ne4 9. cxd4 d5 10. Bb3 Bg4 11. Be3 0-0 12. h3 Bh5 13. Nbd2 Nc3 14. Qc2 Ne2+ 15. Kh2 Bg6 16. Qb2 Bb4 17. Nb1 Bd3 18. Bc2 Ba6 19. Rd1 f5 20. Bd3 f4 21. Qxe2 Bxd3 22. Qxd3 fxe3 23. Qxe3 h6 24. Nc3 Ba5 25. Ne2 Qe7 26. Nf4 Qf7 27. Nd3 b6 28. Rac1 Nd8 29. Rc2 Ne6 30. Rdc1 Rac8 31. Kg1 Qg6 32. Rc6 Qe8 33. Nh4 Nc5 34. Rg6 Ne4 35. Qxh6 Rf7 36. Qh5 Qf8 37. Rc2 Bc3 38. e6 Rxf2 39. Nxf2 Bxd4 40. Nf5 Qb4 41. Nh6+ Kf8 42. Rf6+ Ke7 43. Qf7+ Kd6 44. Qd7+ Ke5 45. Nhg4# 1-0

[Event "Noale Szabados Memorial-B 5th"]
[Site "Noale"]
[Date "2012.02.03"]
[Round "1"]
[White "Barp, Alberto"]
[Black "Cocuzzi, Edoardo"]
[Result "0-1"]
[WhiteElo "1751"]
[BlackElo "1971"]
[PlyCount "98"]
[EventDate "2012.02.03"]
[EventType "swiss"]
[EventRounds "5"]
[EventCountry "ITA"]
[SourceTitle "EXT 2022"]
[Source "ChessBase"]
[SourceDate "2021.10.06"]
[SourceVersion "1"]
[SourceVersionDate "2021.10.06"]
[SourceQuality "1"]

1. d4 d5 2. c4 e6 3. Nc3 Nf6 4. Nf3 c6 5. Bf4 Bd6 6. e3 Bxf4 7. exf4 dxc4 8. Bxc4 0-0 9. 0-0 b6 10. Ne5 Qd6 11. Qd3 Rd8 12. Rfd1 Bb7 13. f5 Nbd7 14. fxe6 fxe6 15. Qf5 Re8 16. Re1 Nxe5 17. dxe5 Nd5 18. exd6 exf5 19. d7 Red8 20. Nxd5 cxd5 21. Bb5 a6 22. Re8+ Kf7 23. Bd3 g6 24. Rae1 Rxe8 25. dxe8Q+ Rxe8 26. Rc1 Rc8 27. Re1 Rc7 28. Kf1 b5 29. f3 d4 30. Rd1 Kf6 31. Kf2 Ke5 32. g3 Re7 33. Re1+ Kd6 34. Rd1 Re3 35. Be2 Ke5 36. Rc1 Bd5 37. Rc7 Bxa2 38. Rxh7 Rb3 39. f4+ Kd6 40. Rh6 Rxb2 41. Rxg6+ Kc5 42. Kf1 Bc4 43. Bxc4 bxc4 44. Ke1 c3 45. Rg8 Rxh2 46. g4 d3 47. Rc8+ Kd4 48. Rd8+ Ke3 49. Re8+ Kf3 0-1

[Event "Giovanni Pico Cup 5th"]
[Site "Mirandola"]
[Date "2012.01.15"]
[Round "4"]
[White "Pomante, Sergio"]
[Black "Cocuzzi, Edoardo"]
[Result "1/2-1/2"]
[WhiteElo "1642"]
[BlackElo "1971"]
[PlyCount "64"]
[EventDate "2012.01.13"]
[EventType "swiss"]
[EventRounds "5"]
[EventCountry "ITA"]
[SourceTitle "EXT 2023"]
[Source "ChessBase"]
[SourceDate "2022.10.05"]
[SourceVersion "1"]
[SourceVersionDate "2022.10.05"]
[SourceQuality "1"]

1. e4 e5 2. Nf3 Nc6 3. Bb5 a6 4. Ba4 b5 5. Bb3 Bc5 6. 0-0 d6 7. h3 Na5 8. c3 Nxb3 9. axb3 Bb7 10. d4 exd4 11. cxd4 Bb6 12. Re1 Ne7 13. Bg5 f6 14. Bh4 0-0 15. Nc3 Qd7 16. b4 Rae8 17. Bg3 Nc6 18. Rc1 Kh8 19. Nd5 Ba7 20. Nxc7 Qxc7 21. d5 Qd7 22. dxc6 Bxc6 23. Qc2 Rc8 24. Qd3 Bb8 25. Rcd1 Rfe8 26. Nd4 g6 27. Nxc6 Rxc6 28. e5 fxe5 29. Bxe5+ Kg8 30. Qd5+ Kf8 31. Qf3+ Kg8 32. Qd5+ Kf8 1/2-1/2

[Event "Porto San Giorgio op 23rd"]
[Site "Porto San Giorgio"]
[Date "2011.08.26"]
[Round "7"]
[White "Cornaggia, Ranieri"]
[Black "Cocuzzi, Edoardo"]
[Result "1/2-1/2"]
[WhiteElo "2079"]
[BlackElo "1926"]
[PlyCount "93"]
[EventDate "2011.08.21"]
[EventType "swiss"]
[EventRounds "9"]
[EventCountry "ITA"]
[SourceTitle "CBM 144 Extra"]
[Source "ChessBase"]
[SourceDate "2011.10.28"]
[SourceVersion "1"]
[SourceVersionDate "2011.10.28"]
[SourceQuality "1"]

1. e4 e5 2. Nf3 Nc6 3. Bb5 a6 4. Ba4 b5 5. Bb3 Bc5 6. c3 d6 7. d3 h6 8. Nbd2 Be6 9. Bxe6 fxe6 10. Nb3 Bb6 11. d4 exd4 12. Nfxd4 Nxd4 13. Qh5+ Kd7 14. cxd4 Nf6 15. Qg6 Qe7 16. 0-0 Raf8 17. e5 Nd5 18. Bd2 Nf4 19. Bxf4 Rxf4 20. Rad1 Rhf8 21. Rd2 R4f5 22. exd6 cxd6 23. Qg3 Qf6 24. Nc5+ Bxc5 25. dxc5 Qe5 26. Rxd6+ Ke7 27. Qxe5 Rxe5 28. b4 a5 29. Rb6 axb4 30. Rxb5 Ra8 31. Rxb4 Rxa2 32. Rb7+ Kf6 33. c6 Rc2 34. c7 Rec5 35. g3 Rxc7 36. Rxc7 Rxc7 37. Kg2 e5 38. Ra1 h5 39. Ra6+ Kf5 40. h4 g6 41. Ra8 Rf7 42. Ra5 Ke6 43. Ra6+ Kf5 44. f3 Re7 45. Ra5 Kf6 46. Ra4 Rd7 47. Ra2 1/2-1/2

[Event "Porto San Giorgio op 23rd"]
[Site "Porto San Giorgio"]
[Date "2011.08.23"]
[Round "4"]
[White "Cocuzzi, Edoardo"]
[Black "Cristiani, Cesare"]
[Result "1-0"]
[WhiteElo "1926"]
[BlackElo "2158"]
[PlyCount "65"]
[EventDate "2011.08.21"]
[EventType "swiss"]
[EventRounds "9"]
[EventCountry "ITA"]
[SourceTitle "CBM 144 Extra"]
[Source "ChessBase"]
[SourceDate "2011.10.28"]
[SourceVersion "1"]
[SourceVersionDate "2011.10.28"]
[SourceQuality "1"]

1. e4 e6 2. d4 d5 3. exd5 exd5 4. Bd3 c5 5. dxc5 Bxc5 6. h3 Nf6 7. Nf3 0-0 8. 0-0 Qd6 9. b3 Nc6 10. a4 Nb4 11. c3 Nxd3 12. Qxd3 Re8 13. Ba3 Ne4 14. b4 Bb6 15. Nbd2 Bf5 16. Nh4 Qf4 17. Nxf5 Bxf2+ 18. Kh1 Qxf5 19. Nxe4 dxe4 20. Qc2 Qe5 21. Rxf2 e3 22. Re2 f5 23. Rf1 f4 24. Bb2 g5 25. c4 Qe4 26. Qc3 Qg6 27. Rd1 Kf7 28. c5 Rad8 29. Ree1 h5 30. b5 g4 31. Qc4+ Qe6 32. Qxf4+ Kg6 33. Rxd8 1-0

[Event "Noale Szabados Memorial-A 3rd"]
[Site "Noale"]
[Date "2010.02.08"]
[Round "3"]
[White "Scardino, Paolo"]
[Black "Cocuzzi, Edoardo"]
[Result "1-0"]
[WhiteElo "1945"]
[BlackElo "1990"]
[PlyCount "65"]
[EventDate "2010.02.05"]
[EventType "swiss"]
[EventRounds "5"]
[EventCountry "ITA"]
[SourceTitle "EXT 2022"]
[Source "ChessBase"]
[SourceDate "2021.10.06"]
[SourceVersion "1"]
[SourceVersionDate "2021.10.06"]
[SourceQuality "1"]

1. c4 e5 2. Nc3 Nf6 3. g3 Nc6 4. Bg2 d6 5. e4 Bd7 6. Nge2 Qc8 7. 0-0 Bh3 8. d3 Be7 9. Nd5 0-0 10. Bd2 Nxd5 11. cxd5 Nd8 12. Rc1 Bxg2 13. Kxg2 c6 14. dxc6 Nxc6 15. Qb3 Qd7 16. Rc2 Rac8 17. Rfc1 Kh8 18. Qd5 f5 19. f3 h6 20. f4 fxe4 21. dxe4 Qg4 22. Qd3 exf4 23. Nxf4 Ne5 24. Qe2 Qxe2+ 25. Nxe2 Rxc2 26. Rxc2 Bf6 27. Nf4 g5 28. Nd5 Bg7 29. Ne7 Re8 30. Rc7 Bf8 31. Nd5 Rb8 32. Nf6 Nc6 33. Rh7# 1-0

[Event "Noale Szabados Memorial-A 3rd"]
[Site "Noale"]
[Date "2010.02.07"]
[Round "4"]
[White "Cocuzzi, Edoardo"]
[Black "Tramalloni, Luca"]
[Result "1-0"]
[WhiteElo "1990"]
[BlackElo "2133"]
[PlyCount "75"]
[EventDate "2010.02.05"]
[EventType "swiss"]
[EventRounds "5"]
[EventCountry "ITA"]
[SourceTitle "EXT 2022"]
[Source "ChessBase"]
[SourceDate "2021.10.06"]
[SourceVersion "1"]
[SourceVersionDate "2021.10.06"]
[SourceQuality "1"]

1. e4 g6 2. d4 Bg7 3. c3 d6 4. Be3 Nd7 5. Qd2 c6 6. Bd3 e5 7. Ne2 h6 8. h3 Ngf6 9. 0-0 Qe7 10. f3 Nf8 11. dxe5 dxe5 12. Na3 Be6 13. Rfd1 Nh5 14. Bc4 b5 15. Bxe6 Nxe6 16. Qd6 Qxd6 17. Rxd6 Nd8 18. Rad1 Nf6 19. Nc2 0-0 20. Nb4 c5 21. Bxc5 a5 22. Nd5 Nb7 23. Nxf6+ Bxf6 24. Rxf6 Nxc5 25. Rc6 Ne6 26. Rd5 Rfd8 27. Kf2 b4 28. c4 b3 29. axb3 Rdb8 30. Rb5 Rd8 31. Ke3 Rd1 32. Rxe5 Re1 33. Rd6 Rb1 34. Rd2 Rb8 35. Rb5 Ra8 36. c5 a4 37. Nc3 Re1+ 38. Kf2 1-0

[Event "Noale Szabados Memorial-A 3rd"]
[Site "Noale"]
[Date "2010.02.07"]
[Round "5"]
[White "Sbarra, Marco"]
[Black "Cocuzzi, Edoardo"]
[Result "1-0"]
[WhiteElo "2268"]
[BlackElo "1990"]
[PlyCount "83"]
[EventDate "2010.02.05"]
[EventType "swiss"]
[EventRounds "5"]
[EventCountry "ITA"]
[SourceTitle "EXT 2022"]
[Source "ChessBase"]
[SourceDate "2021.10.06"]
[SourceVersion "1"]
[SourceVersionDate "2021.10.06"]
[SourceQuality "1"]

1. d4 d5 2. c4 e6 3. Nc3 Nf6 4. cxd5 exd5 5. Bg5 c6 6. e3 Bf5 7. Qf3 Be4 8. Bxf6 Qxf6 9. Nxe4 Qxf3 10. gxf3 dxe4 11. fxe4 Bb4+ 12. Ke2 0-0 13. a3 Ba5 14. Bh3 Re8 15. f3 Bb6 16. Kf2 Na6 17. b4 Rad8 18. Ne2 Nc7 19. Rhd1 Rd6 20. Nf4 Rh6 21. Kg2 a6 22. Nd3 Ne6 23. Bxe6 Rexe6 24. Ra2 g5 25. h3 Rh4 26. Nc5 Reh6 27. Rh1 Bxc5 28. bxc5 Re6 29. Rb2 f5 30. e5 Reh6 31. Rxb7 g4 32. Rc7 gxh3+ 33. Kh2 Rg6 34. Rb1 Rg2+ 35. Kh1 Kh8 36. Rb8+ Rg8 37. Rxg8+ Kxg8 38. Rxc6 h2 39. d5 Ra4 40. d6 Kf7 41. Rc7+ Ke8 42. e6 1-0

[Event "Mirandola Giovanni Pico 3rd"]
[Site "Mirandola"]
[Date "2010.01.16"]
[Round "4"]
[White "Cocuzzi, Edoardo"]
[Black "Menini, Luca"]
[Result "1/2-1/2"]
[WhiteElo "1990"]
[BlackElo "1681"]
[PlyCount "114"]
[EventDate "2010.01.15"]
[EventType "swiss"]
[EventRounds "5"]
[EventCountry "ITA"]
[SourceTitle "EXT 2024"]
[Source "ChessBase"]
[SourceDate "2023.10.10"]
[SourceVersion "1"]
[SourceVersionDate "2023.10.10"]
[SourceQuality "1"]

1. e4 e6 2. d4 d5 3. exd5 exd5 4. Bd3 Bd6 5. h3 Nf6 6. Nf3 h6 7. Be3 b6 8. c3 0-0 9. Qc1 Re8 10. 0-0 Ba6 11. Bxa6 Nxa6 12. Qd1 Nb8 13. Nh2 Nbd7 14. Nd2 c6 15. Ng4 Nxg4 16. Qxg4 Nf6 17. Qf3 Re6 18. Rae1 Qd7 19. Qd1 Rae8 20. Nf3 Ne4 21. Bc1 Qd8 22. Qa4 a5 23. Qc2 Rg6 24. Re2 Rge6 25. Rfe1 b5 26. Nd2 Nxd2 27. Qxd2 Rxe2 28. Rxe2 Rxe2 29. Qxe2 Qe7 30. Qxe7 Bxe7 31. b3 a4 32. bxa4 bxa4 33. Kf1 f5 34. Ke2 Kf7 35. Kd3 Ke6 36. c4 h5 37. c5 g5 38. g3 g4 39. h4 Bd8 40. Bd2 Kd7 41. Kc2 Bf6 42. Kd3 Ke6 43. Bf4 Bd8 44. Be5 Ba5 45. Ke3 Bb4 46. Bf4 Ba5 47. Kd3 Kd7 48. Bd2 Bd8 49. Kc2 Bf6 50. Bc3 f4 51. Kd3 Ke6 52. Bd2 fxg3 53. fxg3 Kf5 54. Ke3 Bg7 55. Be1 Bf6 56. Bf2 Be7 57. Kd3 Bf6 1/2-1/2

[Event "Mirandola Giovanni Pico 3rd"]
[Site "Mirandola"]
[Date "2010.01.16"]
[Round "2"]
[White "Cocuzzi, Edoardo"]
[Black "Pinna, Ferdinando"]
[Result "1-0"]
[WhiteElo "1990"]
[BlackElo "1852"]
[PlyCount "110"]
[EventDate "2010.01.15"]
[EventType "swiss"]
[EventRounds "5"]
[EventCountry "ITA"]
[SourceTitle "EXT 2024"]
[Source "ChessBase"]
[SourceDate "2023.10.10"]
[SourceVersion "1"]
[SourceVersionDate "2023.10.10"]
[SourceQuality "1"]

1. e4 c5 2. Bc4 e6 3. Nc3 Nc6 4. a4 Nf6 5. d3 d5 6. exd5 exd5 7. Ba2 Be7 8. h3 0-0 9. Nf3 Re8 10. 0-0 h6 11. Bf4 Bf5 12. Re1 Qd7 13. Ne5 Nxe5 14. Bxe5 a6 15. Bxf6 Bxf6 16. Nxd5 Rxe1+ 17. Qxe1 Re8 18. Nxf6+ gxf6 19. Qc3 Kg7 20. Bb3 Rg8 21. Kh2 Qc7+ 22. g3 Qd7 23. h4 Qc6 24. d4 Re8 25. d5 Qd6 26. Re1 Re4 27. Rxe4 Bxe4 28. Qe3 Bf5 29. Qf4 Qxf4 30. gxf4 b5 31. c4 bxc4 32. Bxc4 a5 33. d6 Kf8 34. Bb5 Be6 35. Kg3 f5 36. Kf3 f6 37. Ke3 Bd5 38. Kd3 Be6 39. Bc4 Bd7 40. b3 Bc8 41. Bb5 Be6 42. Kc3 Bd5 43. Bd3 Be6 44. Bb5 Bd5 45. Bd7 Kf7 46. Bxf5 Ke8 47. f3 Kd8 48. Be4 Be6 49. f5 Bf7 50. Bc6 Kc8 51. Bb5 Bd5 52. f4 Kd8 53. Bc4 Bg2 54. Be6 Bf1 55. Kd2 Ke8 1-0

[Event "Florence op 17th"]
[Site "Florence"]
[Date "2009.12.06"]
[Round "1"]
[White "Galletti, Armando"]
[Black "Cocuzzi, Edoardo"]
[Result "0-1"]
[WhiteElo "1850"]
[BlackElo "1972"]
[PlyCount "108"]
[EventDate "2009.12.06"]
[EventType "swiss"]
[EventRounds "6"]
[EventCountry "ITA"]
[SourceTitle "EXT 2012"]
[Source "ChessBase"]
[SourceDate "2011.11.24"]
[SourceVersion "1"]
[SourceVersionDate "2011.11.24"]
[SourceQuality "1"]

1. d4 d5 2. c3 e6 3. Nf3 Nf6 4. e3 Nbd7 5. Nbd2 c5 6. Bd3 c4 7. Bc2 b5 8. 0-0 Be7 9. Re1 0-0 10. e4 a5 11. a3 Bb7 12. e5 Ne8 13. Nf1 b4 14. cxb4 axb4 15. Re3 b3 16. Bb1 Nc7 17. h4 f5 18. exf6 Bxf6 19. Ng5 Bxg5 20. hxg5 g6 21. Qg4 Bc8 22. Rxe6 Ne5 23. dxe5 Bxe6 24. Qe2 Qd7 25. Ne3 Nb5 26. Bd2 Nd4 27. Qe1 Nc6 28. Qe2 Nxe5 29. Nxd5 Bxd5 30. Qxe5 Rae8 31. Qd4 Be6 32. Qxd7 Bxd7 33. a4 Re2 34. Bc3 Rfxf2 35. Be4 Rf8 36. Bf3 Re3 37. Rd1 Be6 38. Kf2 Rxc3 39. bxc3 Bg4 40. Ke3 Re8+ 41. Kd2 Bxf3 42. gxf3 Ra8 43. Ra1 Kf7 44. Ke3 Rd8 45. a5 Rd3+ 46. Ke4 Rxc3 47. a6 b2 48. Rb1 Ra3 49. Rxb2 Rxa6 50. Rb7+ Ke6 51. Rb5 Rc6 52. Rb1 c3 53. Rc1 c2 54. f4 Rc8 0-1

[Event "Imperia Corallo op 4th"]
[Site "Imperia"]
[Date "2009.11.21"]
[Round "3"]
[White "Mollero, Michele"]
[Black "Cocuzzi, Edoardo"]
[Result "1/2-1/2"]
[WhiteElo "2181"]
[BlackElo "1972"]
[PlyCount "96"]
[EventDate "2009.11.20"]
[EventType "swiss"]
[EventRounds "5"]
[EventCountry "ITA"]
[SourceTitle "EXT 2024"]
[Source "ChessBase"]
[SourceDate "2023.10.10"]
[SourceVersion "1"]
[SourceVersionDate "2023.10.10"]
[SourceQuality "1"]

1. d4 d5 2. c4 e6 3. Nc3 Nf6 4. Bg5 c6 5. e3 Nbd7 6. cxd5 exd5 7. Bd3 h6 8. Bf4 Nb6 9. Nf3 Bg4 10. h3 Bxf3 11. Qxf3 Bd6 12. 0-0 Bxf4 13. Qxf4 0-0 14. b4 Qe7 15. b5 Qa3 16. Rfc1 cxb5 17. Bf5 a6 18. Qc7 Nc4 19. e4 Qd6 20. Nxb5 axb5 21. Rxc4 Nxe4 22. Bxe4 Qxc7 23. Rxc7 dxe4 24. Re7 Rfe8 25. Rxe8+ Rxe8 26. Rd1 Ra8 27. Rd2 Ra6 28. Kf1 Kf8 29. Rb2 Ra4 30. Rxb5 Rxa2 31. Rxb7 Rd2 32. Rd7 Ke8 33. Rd5 f6 34. Ke1 e3 35. fxe3 Rxg2 36. h4 Rh2 37. h5 Rg2 38. Kf1 Rg5 39. Rxg5 fxg5 40. e4 Kf7 41. d5 g6 42. hxg6+ Kxg6 43. d6 Kf6 44. e5+ Ke6 45. Kg2 h5 46. Kg3 h4+ 47. Kg4 Kd7 48. Kh3 Ke6 1/2-1/2

[Event "Bratto op-B 28th"]
[Site "Bratto"]
[Date "2008.08.30"]
[Round "8"]
[White "Cocuzzi, Edoardo"]
[Black "Crippa, Mario"]
[Result "1-0"]
[WhiteElo "1892"]
[BlackElo "1833"]
[PlyCount "73"]
[EventDate "2008.08.23"]
[EventType "swiss"]
[EventRounds "9"]
[EventCountry "ITA"]
[SourceTitle "EXT 2011"]
[Source "ChessBase"]
[SourceDate "2010.11.26"]
[SourceVersion "1"]
[SourceVersionDate "2010.11.26"]
[SourceQuality "1"]

1. e4 c5 2. Bc4 e6 3. Nc3 Nc6 4. a4 Nf6 5. d3 d5 6. exd5 exd5 7. Ba2 Be7 8. h3 0-0 9. Nf3 Nb4 10. Bb3 h6 11. 0-0 Be6 12. Re1 a6 13. Ne2 Bd6 14. c3 Nc6 15. Bf4 Qc7 16. Qc1 Ne5 17. Bxe5 Bxe5 18. Nxe5 Qxe5 19. d4 cxd4 20. Nxd4 Qd6 21. Bc2 Rae8 22. Qd2 Bd7 23. Nf5 Bxf5 24. Bxf5 Qc6 25. Bc2 Rxe1+ 26. Rxe1 Re8 27. Rxe8+ Qxe8 28. Qe3 Qc6 29. g4 Ne4 30. f3 Qc5 31. Qxc5 Nxc5 32. b4 Nd7 33. Bf5 Nb6 34. a5 Na4 35. Bc8 Nxc3 36. Bxb7 Na2 37. Bxa6 1-0

[Event "Bratto op-B 28th"]
[Site "Bratto"]
[Date "2008.08.28"]
[Round "6"]
[White "Franzini, Stefano"]
[Black "Cocuzzi, Edoardo"]
[Result "0-1"]
[WhiteElo "1860"]
[BlackElo "1892"]
[PlyCount "66"]
[EventDate "2008.08.23"]
[EventType "swiss"]
[EventRounds "9"]
[EventCountry "ITA"]
[SourceTitle "EXT 2011"]
[Source "ChessBase"]
[SourceDate "2010.11.26"]
[SourceVersion "1"]
[SourceVersionDate "2010.11.26"]
[SourceQuality "1"]

1. e4 e5 2. Nf3 Nc6 3. d4 exd4 4. Nxd4 Bc5 5. Be3 Qf6 6. Nb5 Bxe3 7. fxe3 Kd8 8. N1c3 Nge7 9. Qf3 Qxf3 10. gxf3 a6 11. Nd4 d6 12. 0-0-0 Ne5 13. Be2 c5 14. Nb3 Kc7 15. f4 N5g6 16. Rhg1 Rg8 17. Nd2 b5 18. Nf3 f6 19. Rg3 Bb7 20. f5 Ne5 21. Nxe5 fxe5 22. Bf3 Raf8 23. Rdg1 g6 24. fxg6 hxg6 25. Bg4 Rf6 26. Rh3 Rg7 27. Rh6 Rgf7 28. Bh3 b4 29. Nd5+ Nxd5 30. exd5 Bxd5 31. Rgxg6 Rxg6 32. Rxg6 Rf2 33. Rg2 Bxg2 0-1

[Event "Bratto op-B 27th"]
[Site "Bratto"]
[Date "2007.08.25"]
[Round "2"]
[White "Biava, Pierluigi"]
[Black "Cocuzzi, Edoardo"]
[Result "1-0"]
[WhiteElo "1739"]
[BlackElo "1887"]
[PlyCount "49"]
[EventDate "2007.08.24"]
[EventType "swiss"]
[EventRounds "8"]
[EventCountry "ITA"]
[SourceTitle "CBM 120 Extra"]
[Source "ChessBase"]
[SourceDate "2007.11.01"]
[SourceVersion "1"]
[SourceVersionDate "2007.11.01"]
[SourceQuality "1"]

1. d4 d5 2. Nf3 Nf6 3. Nbd2 c6 4. c4 e6 5. Qc2 Bb4 6. c5 Nbd7 7. a3 Bxd2+ 8. Nxd2 e5 9. Nf3 exd4 10. Nxd4 Ne4 11. b4 Qf6 12. e3 Ne5 13. h4 0-0 14. Bb2 Re8 15. Nf3 Nxf3+ 16. gxf3 Qxf3 17. Rg1 Nxf2 18. Rxg7+ Kf8 19. Qxf2 Rxe3+ 20. Be2 Bg4 21. Rxg4 Rxe2+ 22. Qxe2 Qh1+ 23. Kd2 Qh3 24. Bg7+ Kg8 25. Bh6+ 1-0